000 00645nam a2200241 4500
008 s1993 be fre u
020 _a2801110450
020 _a9782801110454
040 _aLB-BrCRDP
082 1 _a445
_bGRE
100 1 _aGrevisse, Maurice
245 1 3 _aLe bon usage
_cMaurice Grevisse
250 _a13e éd.
260 _aBruxelles
_bDe Boeck - Duculot
_c1993
300 _a1762 p.
_c24 cm
500 _aBibliographie, index.
650 4 _aGrammaire
650 4 _aLangue française
650 4 _aLinguistique
650 4 _aLittérature
942 _cBK
999 _c2253
_d2253